| 000 | 005630000a22001810004500 | ||
|---|---|---|---|
| 003 | MACL | ||
| 005 | 20160601134237.0 | ||
| 008 | 160601b xxu||||| |||| 00| 0 eng d | ||
| 040 |
_aMACL _cMACL |
||
| 041 | _aHindi | ||
| 082 | _a920 | ||
| 100 |
_aहनफी, मुजफफर _961306 |
||
| 245 |
_aहसरत मोहानी _cमुजफफर हनफी |
||
| 260 |
_bनेशनल बुक ट्रस्ट इंडिया _c2006 _aदिल्ली |
||
| 350 | _a45 | ||
| 650 |
_aBiography _961307 |
||
| 942 |
_cHIN _k920/HAN _2ddc |
||
| 999 |
_c11563 _d11563 |
||